000 01998cad a22002415a 4500
001 L154148
008 111019s2011 xxk f l 000 0 eng d
035 _a(Sirsi) u154148
041 0 _aeng
110 2 _aUnited Kingdom
_kLaws, etc.
_95044
245 0 0 _aEnergy Act 2011
_h[electronic resource]
260 _aLondon
_bHMSO
_c2011
505 2 _aEnergy efficiency -- Green deal -- Green deal plan -- Disclosure of Green deal plan etc -- Modifying energy licenses -- Gas and electricity codes -- Modifying consumer credit legislation -- Delegation and exercise of functions -- Private rented sector England and Wales -- Domestic energy efficiency regulations -- Tenants' energy efficiency improvement regulations -- Non-domestic energy efficiency regulations -- Private rented sector Scotland -- Scottish domestic energy efficiency regulations -- Scottish tenants' energy efficiency improvement regulations -- Scottish non-domestic energy efficiency regulations -- Reducing carbon emissions and home-heating costs -- Information about energy consumption, efficiency and tariffs -- Smart meters -- Energy performance certificates -- Information about tariffs -- Security of energy supplies -- Gas supply -- Upstream petroleum infrastructure -- Downstream gas processing facilities
520 _aEnergy Act 2011 Part I makes provision for the arrangement and financing of energy efficiency improvements to be made to properties by owners and occupiers aimed at increasing the energy efficiency of properties through the Green Deal scheme. Part II deals with safeguarding the security of future energy supplies.
521 _aAdvanced
590 _aKA NTK
650 2 4 _aENERGY ACT 2011
650 2 4 _aGREEN DEAL
651 4 _aUnited Kingdom
_y
690 _aENVIRONMENTAL AND LAND CONSULTANCY-ENERGY-ENERGY USE-ENERGY EFFICIENCY
856 4 0 _uhttps://www.legislation.gov.uk/ukpga/2011/16/pdfs/ukpga_20110016_en.pdf
_zView the item free of charge online at www.legislation.gov.uk
942 _n0
999 _c112863
_d112863